[Event "CZE-chT2B 1920"]
[Site "Czech Republic"]
[Date "2020.02.09"]
[Round "8.6"]
[White "Bicek, Richard"]
[Black "Kral, David"]
[Result "1-0"]
[WhiteElo "2134"]
[BlackElo "1998"]
[PlyCount "131"]
[EventDate "2019.10.13"]
[EventType "team-tourn"]
[EventRounds "11"]
[EventCountry "CZE"]
[SourceTitle "EXT 2024"]
[Source "ChessBase"]
[SourceDate "2023.10.10"]
[SourceVersion "1"]
[SourceVersionDate "2023.10.10"]
[SourceQuality "1"]
[WhiteTeam "Karlovy Vary Tietz"]
[BlackTeam "Teplice"]
[WhiteTeamCountry "CZE"]
[BlackTeamCountry "CZE"]

1. e4 c5 2. Nc3 a6 3. a4 Nc6 4. Nf3 e5 5. Bc4 d6 6. h3 Be6 7. Bxe6 fxe6 8. d3 Nf6 9. 0-0 Be7 10. Ne2 0-0 11. Ng3 Rb8 12. c3 b5 13. axb5 axb5 14. Re1 b4 15. Ra6 Qd7 16. Qa4 Rfc8 17. Ng5 bxc3 18. bxc3 Nd8 19. Qa2 Ne8 20. Nf3 Nc7 21. Ra7 Ra8 22. Rxa8 Rxa8 23. Qe2 Nf7 24. Be3 Qb5 25. Qc2 Rb8 26. Rc1 Qb3 27. d4 Qxc2 28. Rxc2 Na6 29. dxe5 Nxe5 30. Nxe5 dxe5 31. Ra2 Rb6 32. Nf1 Kf7 33. Nd2 Kf6 34. Nc4 Rc6 35. g4 g5 36. Rb2 Bd8 37. Rb7 Bc7 38. Kg2 h6 39. h4 Kg6 40. hxg5 hxg5 41. Rb1 Nb8 42. Rh1 Nd7 43. Rh8 Nf6 44. f3 Ra6 45. Rc8 Ra4 46. Rxc7 Rxc4 47. Rxc5 Rxc5 48. Bxc5 Nd7 49. Be3 Kf6 50. Kf2 Nf8 51. Ke2 Ng6 52. c4 Ne7 53. c5 Nc6 54. Kd3 Na5 55. Kc3 Nc6 56. Kc4 Ke7 57. Bxg5+ Kd7 58. Be3 Kc7 59. g5 Ne7 60. Kb5 Ng6 61. Bd2 Ne7 62. Bc3 Ng6 63. Ba5+ Kb7 64. c6+ Kc8 65. Kc5 Nf4 66. Kd6 1-0

[Event "CZE-chT2B 1920"]
[Site "Czech Republic"]
[Date "2020.01.12"]
[Round "6.7"]
[White "Staszko, Martin"]
[Black "Bicek, Richard"]
[Result "1/2-1/2"]
[WhiteElo "2057"]
[BlackElo "2134"]
[PlyCount "68"]
[EventDate "2019.10.13"]
[EventType "team-tourn"]
[EventRounds "11"]
[EventCountry "CZE"]
[SourceTitle "EXT 2024"]
[Source "ChessBase"]
[SourceDate "2023.10.10"]
[SourceVersion "1"]
[SourceVersionDate "2023.10.10"]
[SourceQuality "1"]
[WhiteTeam "Praha Dukla"]
[BlackTeam "Karlovy Vary Tietz"]
[WhiteTeamCountry "CZE"]
[BlackTeamCountry "CZE"]

1. d4 d5 2. Nf3 c6 3. c4 e6 4. Nc3 dxc4 5. a4 Bb4 6. e3 b5 7. Bd2 a5 8. axb5 Bxc3 9. Bxc3 cxb5 10. b3 Bb7 11. bxc4 b4 12. Bb2 Nf6 13. Bd3 0-0 14. 0-0 Nbd7 15. Nd2 Nc5 16. Bc2 Nce4 17. Nxe4 Bxe4 18. Ba4 Qc7 19. f3 Bc6 20. Bc2 a4 21. Bxa4 Bxa4 22. Rxa4 Rxa4 23. Qxa4 Qxc4 24. e4 h6 25. Rc1 Qe2 26. Qxb4 Nh5 27. Re1 Qa6 28. g3 Rc8 29. Rc1 Rxc1+ 30. Bxc1 Qe2 31. Qc3 Qd1+ 32. Kg2 Qe2+ 33. Kg1 Qd1+ 34. Kg2 Qe2+ 1/2-1/2

[Event "CZE-chT2B 1819"]
[Site "Czech Republic"]
[Date "2018.11.18"]
[Round "3.7"]
[White "Bicek, Richard"]
[Black "Prudek, Jiri"]
[Result "0-1"]
[WhiteElo "2123"]
[BlackElo "2035"]
[PlyCount "138"]
[EventDate "2018.10.14"]
[EventType "team-tourn"]
[EventRounds "11"]
[EventCountry "CZE"]
[SourceTitle "EXT 2022"]
[Source "ChessBase"]
[SourceDate "2021.10.06"]
[SourceVersion "1"]
[SourceVersionDate "2021.10.06"]
[SourceQuality "1"]
[WhiteTeam "Karlovy Vary Tietz"]
[BlackTeam "Decin"]
[WhiteTeamCountry "CZE"]
[BlackTeamCountry "CZE"]

1. e4 c5 2. Nf3 e6 3. d4 cxd4 4. Nxd4 a6 5. Be2 Qc7 6. 0-0 Nf6 7. Bf3 d6 8. Re1 Nbd7 9. g3 g6 10. Nc3 e5 11. Nb3 b5 12. a4 b4 13. Nd5 Nxd5 14. Qxd5 Rb8 15. Be3 Be7 16. Bh6 Nf6 17. Qd2 Ng4 18. Bg5 f6 19. Bxg4 Bxg4 20. Be3 Be6 21. a5 0-0 22. Bb6 Qc4 23. Qe2 Rbc8 24. Qxc4 Rxc4 25. Rac1 Rfc8 26. Na1 f5 27. f3 Kf7 28. Kf2 fxe4 29. Rxe4 Rxe4 30. fxe4 Rc4 31. Re1 Bc8 32. Re2 Bb7 33. Kf3 d5 34. exd5 Bxd5+ 35. Kf2 Bf6 36. Nb3 e4 37. Rd2 Be6 38. Bd4 Be7 39. Be3 h5 40. h4 Bg4 41. Bf4 Bf6 42. Be3 Bxb2 43. Bd4 Bxd4+ 44. Nxd4 Rc3 45. Ke1 Rxg3 46. Rf2+ Kg7 47. Rf1 Ra3 48. Nb3 Be6 49. Rf4 Bxb3 50. cxb3 Rxb3 51. Rxe4 Kf6 52. Rc4 Kf5 53. Rc5+ Kg4 54. Rg5+ Kxh4 55. Rxg6 Ra3 56. Rxa6 b3 57. Rb6 Kg3 58. a6 h4 59. a7 Ra1+ 60. Ke2 Rxa7 61. Rxb3+ Kg2 62. Ke3 h3 63. Rb6 Rg7 64. Kf4 h2 65. Rb2+ Kh3 66. Rb3+ Kh4 67. Rb8 Rf7+ 68. Ke3 Rh7 69. Rb1 Kg3 0-1

[Event "Prague Menchik Memorial rapid"]
[Site "Prague"]
[Date "2018.06.10"]
[Round "3"]
[White "Bicek, Richard"]
[Black "Hrabusa, Matej"]
[Result "1/2-1/2"]
[WhiteElo "2123"]
[BlackElo "2386"]
[PlyCount "71"]
[EventDate "2018.06.10"]
[EventType "swiss (rapid)"]
[EventRounds "9"]
[EventCountry "CZE"]
[SourceTitle "CBM 184 Extra"]
[Source "ChessBase"]
[SourceDate "2018.06.28"]
[SourceVersion "1"]
[SourceVersionDate "2018.06.28"]
[SourceQuality "1"]

1. e4 e6 2. d4 d5 3. Nc3 Bb4 4. Bd3 Nc6 5. Nf3 Nge7 6. 0-0 0-0 7. Ne2 Ng6 8. c3 Be7 9. Nf4 Nh4 10. Nxh4 Bxh4 11. e5 Ne7 12. Bxh7+ Kxh7 13. Qh5+ Kg8 14. Qxh4 Nf5 15. Qxd8 Rxd8 16. Ne2 b6 17. Ng3 Ba6 18. Re1 Nxg3 19. hxg3 Kf8 20. f4 g6 21. g4 Bd3 22. Re3 Be4 23. Rh3 Kg7 24. f5 gxf5 25. Bg5 Rg8 26. Bf6+ Kf8 27. g5 f4 28. Kf2 Bg6 29. Rh4 Ke8 30. Rah1 Kd7 31. Rxf4 Rac8 32. Rfh4 c5 33. dxc5 Rxc5 34. Ra4 Rc7 35. Rd4 Rgc8 36. a3 1/2-1/2

[Event "Prague Menchik Memorial rapid"]
[Site "Prague"]
[Date "2018.06.10"]
[Round "2"]
[White "Burdalev, Kirill"]
[Black "Bicek, Richard"]
[Result "0-1"]
[WhiteElo "2377"]
[BlackElo "2123"]
[PlyCount "104"]
[EventDate "2018.06.10"]
[EventType "swiss (rapid)"]
[EventRounds "9"]
[EventCountry "CZE"]
[SourceTitle "CBM 184 Extra"]
[Source "ChessBase"]
[SourceDate "2018.06.28"]
[SourceVersion "1"]
[SourceVersionDate "2018.06.28"]
[SourceQuality "1"]

1. Nf3 d5 2. d4 Nf6 3. Bf4 e6 4. e3 Bd6 5. Bg3 0-0 6. Nbd2 Ne4 7. Nxe4 dxe4 8. Nd2 f5 9. Nc4 Nc6 10. Nxd6 cxd6 11. d5 Qa5+ 12. c3 Qxd5 13. Qxd5 exd5 14. Bxd6 Rd8 15. Bf4 Be6 16. 0-0-0 d4 17. exd4 Bxa2 18. b4 Bb3 19. Rd2 a5 20. b5 Ne7 21. Kb2 a4 22. c4 Rac8 23. c5 Nd5 24. Bd6 Rxd6 25. cxd6 Rd8 26. Be2 Nb6 27. Rc1 Rxd6 28. Rc7 Kf8 29. Rxb7 f4 30. Ka3 f3 31. gxf3 exf3 32. Bf1 Bd5 33. Rc2 Bxb7 34. Rc7 Bd5 35. Kb4 Rd7 36. Rxd7 Nxd7 37. Kxa4 Ke7 38. Ka5 Kd6 39. b6 Nf6 40. Bd3 Ng4 41. Bxh7 Nxf2 42. Bf5 Bb7 43. Kb5 Kd5 44. Kb4 Kxd4 45. h4 Ne4 46. Ka5 f2 47. Bh3 Ng3 48. Kb5 f1Q+ 49. Bxf1 Nxf1 50. Kb4 Ne3 51. Kb5 Ng2 52. h5 Nf4 0-1

[Event "CZE-chT2A 1617"]
[Site "Czech Republic"]
[Date "2017.03.19"]
[Round "10.4"]
[White "Jaros, Martin"]
[Black "Bicek, Richard"]
[Result "0-1"]
[WhiteElo "2237"]
[BlackElo "2088"]
[PlyCount "60"]
[EventDate "2016.10.09"]
[EventType "team-tourn"]
[EventRounds "11"]
[EventCountry "CZE"]
[SourceTitle "EXT 2022"]
[Source "ChessBase"]
[SourceDate "2021.10.06"]
[SourceVersion "1"]
[SourceVersionDate "2021.10.06"]
[SourceQuality "1"]
[WhiteTeam "Kozolupy"]
[BlackTeam "Karlovy Vary Tietz II"]
[WhiteTeamCountry "CZE"]
[BlackTeamCountry "CZE"]

1. e4 c6 2. d4 d5 3. Nc3 dxe4 4. Nxe4 Nf6 5. Nxf6+ exf6 6. Be3 Bd6 7. Bd3 0-0 8. Qh5 g6 9. Qf3 Be6 10. Ne2 h5 11. Bf4 Bg4 12. Qg3 Bxf4 13. Qxf4 Bxe2 14. Bxe2 Re8 15. Qd2 Qe7 16. h4 Nd7 17. Rh3 f5 18. Kf1 Nf6 19. Re1 Rad8 20. Qf4 Ng4 21. c3 c5 22. dxc5 Rd1 23. Qf3 Rd2 24. b4 Qe5 25. g3 Rxa2 26. Qd3 Rb2 27. f3 Ne3+ 28. Kf2 Nd5 29. f4 Qxc3 30. Qxd5 Qe3+ 0-1

[Event "CZE-chT2A 1617"]
[Site "Czech Republic"]
[Date "2017.02.26"]
[Round "9.4"]
[White "Bicek, Richard"]
[Black "Vasicek, Martin"]
[Result "0-1"]
[WhiteElo "2088"]
[BlackElo "2098"]
[PlyCount "76"]
[EventDate "2016.10.09"]
[EventType "team-tourn"]
[EventRounds "11"]
[EventCountry "CZE"]
[SourceTitle "EXT 2022"]
[Source "ChessBase"]
[SourceDate "2021.10.06"]
[SourceVersion "1"]
[SourceVersionDate "2021.10.06"]
[SourceQuality "1"]
[WhiteTeam "Karlovy Vary Tietz II"]
[BlackTeam "Domazlice"]
[WhiteTeamCountry "CZE"]
[BlackTeamCountry "CZE"]

1. e4 c6 2. d4 d5 3. e5 Bf5 4. h4 h5 5. Bg5 Qb6 6. Bd3 Bxd3 7. Qxd3 e6 8. Nf3 Qa6 9. Qe2 Ne7 10. Nbd2 Qxe2+ 11. Kxe2 Nf5 12. Rhc1 Nd7 13. c4 dxc4 14. Nxc4 Nb6 15. Ne3 Ne7 16. a4 a5 17. Rc3 Ned5 18. Nxd5 Nxd5 19. Rb3 Bb4 20. Bd2 0-0 21. Bxb4 Nxb4 22. Ng5 Rfd8 23. Rd1 Rd5 24. Ne4 Rad8 25. Nd6 Rd7 26. Rd2 c5 27. f4 Nc6 28. Nb5 Nxd4+ 29. Nxd4 Rxd4 30. Rxd4 Rxd4 31. g3 Rxa4 32. Rxb7 Rb4 33. Rxb4 cxb4 34. b3 Kh7 35. f5 exf5 36. Kd3 g5 37. hxg5 Kg6 38. Kc4 Kxg5 0-1

[Event "CZE-chT2A 1415"]
[Site "Czech Republic"]
[Date "2015.03.15"]
[Round "9.8"]
[White "Haase, Pavel"]
[Black "Bicek, Richard"]
[Result "0-1"]
[WhiteElo "1790"]
[BlackElo "2005"]
[PlyCount "90"]
[EventDate "2014.11.02"]
[EventType "team-tourn"]
[EventRounds "11"]
[EventCountry "CZE"]
[SourceTitle "EXT 2022"]
[Source "ChessBase"]
[SourceDate "2021.10.06"]
[SourceVersion "1"]
[SourceVersionDate "2021.10.06"]
[SourceQuality "1"]
[WhiteTeam "Praha Dopravni podnik"]
[BlackTeam "Karlovy Vary II"]
[WhiteTeamCountry "CZE"]
[BlackTeamCountry "CZE"]

1. d4 d5 2. Nf3 c5 3. c3 Nc6 4. Bf4 Qb6 5. Qd2 Nf6 6. e3 Bf5 7. Be2 Ne4 8. Qc1 f6 9. 0-0 g5 10. Bg3 h5 11. h4 Nxg3 12. fxg3 Qc7 13. Qe1 g4 14. Ne5 Bxb1 15. Qxb1 fxe5 16. Qg6+ Kd8 17. Qf7 exd4 18. Kh2 Qd6 19. Qxf8+ Rxf8 20. Rxf8+ Kc7 21. Rxa8 dxe3 22. Rd1 d4 23. a4 e5 24. Re8 Qg6 25. Rf8 Qc2 26. Rf7+ Kd6 27. Rdf1 Qxe2 28. R1f6+ Kd5 29. Rxb7 Qa6 30. Rd7+ Ke4 31. cxd4 cxd4 32. b4 Qxa4 33. b5 Qxb5 34. Rdd6 Nb4 35. Rd8 e2 36. Re6 e1Q 37. Rxe5+ Kxe5 38. Rd5+ Kf6 39. Rf5+ Ke6 40. Rf6+ Ke5 41. Re6+ Kd5 42. Rd6+ Kc4 43. Rxd4+ Kb3 44. Rd1 Qe3 45. Rb1+ Kc2 0-1

[Event "CZE-chT2A 1314"]
[Site "Czech Republic"]
[Date "2014.02.16"]
[Round "8.5"]
[White "Bicek, Richard"]
[Black "Satransky, Jaroslav"]
[Result "1/2-1/2"]
[WhiteElo "1983"]
[BlackElo "2199"]
[PlyCount "84"]
[EventDate "2013.11.03"]
[EventType "team-tourn"]
[EventRounds "11"]
[EventCountry "CZE"]
[SourceTitle "EXT 2015"]
[Source "ChessBase"]
[SourceDate "2014.11.20"]
[SourceVersion "1"]
[SourceVersionDate "2014.11.20"]
[SourceQuality "1"]
[WhiteTeam "Karlovy Vary II"]
[BlackTeam "Kladno"]
[WhiteTeamCountry "CZE"]
[BlackTeamCountry "CZE"]

1. e4 e5 2. Nf3 Nc6 3. d4 exd4 4. Nxd4 Bc5 5. Be3 Qf6 6. c3 Nge7 7. Bc4 Qg6 8. 0-0 0-0 9. Nxc6 Qxc6 10. Bxc5 Qxc5 11. Qd4 Qxd4 12. cxd4 d5 13. exd5 Rd8 14. Nc3 a6 15. a4 Bf5 16. Rfe1 Kf8 17. Re3 Nc8 18. f3 Nd6 19. Bb3 Re8 20. Rae1 Rxe3 21. Rxe3 Re8 22. Kf2 Re7 23. Rxe7 Kxe7 24. Ke3 Bg6 25. g4 f6 26. Ne4 b6 27. Nc3 Bf7 28. Ba2 a5 29. Nb5 Kd7 30. Nc3 Ke7 31. Nb5 Kd7 32. Nc3 Be8 33. Bb3 Ke7 34. Ba2 b5 35. axb5 Bxb5 36. Nxb5 Nxb5 37. h4 Kd6 38. Bc4 Na7 39. Bd3 h6 40. Bc4 Nc8 41. Ke4 Ne7 42. h5 Nc8 1/2-1/2

[Event "CZE-chT2A 1314"]
[Site "Czech Republic"]
[Date "2013.12.01"]
[Round "3.6"]
[White "Kracik, Dobroslav"]
[Black "Bicek, Richard"]
[Result "0-1"]
[WhiteElo "2027"]
[BlackElo "1983"]
[PlyCount "78"]
[EventDate "2013.11.03"]
[EventType "team-tourn"]
[EventRounds "11"]
[EventCountry "CZE"]
[SourceTitle "EXT 2015"]
[Source "ChessBase"]
[SourceDate "2014.11.20"]
[SourceVersion "1"]
[SourceVersionDate "2014.11.20"]
[SourceQuality "1"]
[WhiteTeam "Kozolupy"]
[BlackTeam "Karlovy Vary II"]
[WhiteTeamCountry "CZE"]
[BlackTeamCountry "CZE"]

1. e4 d5 2. exd5 Qxd5 3. Nc3 Qa5 4. Bc4 Nf6 5. d3 c6 6. Be3 Bf5 7. Nge2 e6 8. 0-0 Bd6 9. Bf4 Bxf4 10. Nxf4 Qc7 11. Qf3 Nbd7 12. Qg3 0-0-0 13. b4 Ne5 14. Bb3 g5 15. Nxe6 fxe6 16. Rfe1 Neg4 17. h3 Qxg3 18. fxg3 Nh6 19. g4 Bg6 20. Rxe6 Nd7 21. Ne4 Bxe4 22. dxe4 Nf7 23. Rf1 Nfe5 24. Rf5 h6 25. Rfxe5 Nxe5 26. Rxe5 Rde8 27. Rc5 Kc7 28. b5 Kb6 29. Rf5 Rhf8 30. bxc6 bxc6 31. Rxf8 Rxf8 32. e5 Kc5 33. e6 Kd6 34. Bc4 Rf4 35. Bb3 c5 36. g3 Re4 37. Kf2 c4 38. Ba4 Rxe6 39. h4 a6 0-1

[Event "CZE-chT2B 1112"]
[Site "Czech Republic"]
[Date "2012.01.08"]
[Round "5.6"]
[White "Bazantova, Marie"]
[Black "Bicek, Richard"]
[Result "1/2-1/2"]
[WhiteElo "1965"]
[BlackElo "1980"]
[PlyCount "78"]
[EventDate "2011.10.09"]
[EventType "team-tourn"]
[EventRounds "11"]
[EventCountry "CZE"]
[SourceTitle "EXT 2013"]
[Source "ChessBase"]
[SourceDate "2012.11.22"]
[SourceVersion "1"]
[SourceVersionDate "2012.11.22"]
[SourceQuality "1"]
[WhiteTeam "Usti nad Labem"]
[BlackTeam "Karlovy Vary"]
[WhiteTeamCountry "CZE"]
[BlackTeamCountry "CZE"]

1. e4 d5 2. exd5 Qxd5 3. Nc3 Qa5 4. Bc4 Nf6 5. Nf3 Bg4 6. d3 e6 7. Bd2 c6 8. Ne4 Qd8 9. Qe2 Nbd7 10. h3 Bxf3 11. Qxf3 Nd5 12. Qg3 N7f6 13. Rd1 Be7 14. 0-0 g6 15. Rfe1 h5 16. c3 h4 17. Qf3 Nd7 18. d4 Rh5 19. b4 b5 20. Bb3 Qc7 21. Nc5 Nxc5 22. dxc5 Rf5 23. Qe2 Bf6 24. Bxd5 Rxd5 25. c4 bxc4 26. Qxc4 Rd4 27. Qc2 Rad8 28. Be3 Rxb4 29. Rxd8+ Qxd8 30. Rd1 Qc7 31. a3 Rb2 32. Qc4 Qb7 33. Qe4 Be7 34. Qd4 Rb1 35. Qh8+ Bf8 36. Rxb1 Qxb1+ 37. Kh2 Qb8+ 38. Kg1 Qb7 39. Qxh4 Qb1+ 1/2-1/2

[Event "CZE-chT2B 1112"]
[Site "Czech Republic"]
[Date "2011.11.06"]
[Round "2.7"]
[White "Misicko, Jan"]
[Black "Bicek, Richard"]
[Result "0-1"]
[WhiteElo "2058"]
[BlackElo "1980"]
[PlyCount "156"]
[EventDate "2011.10.09"]
[EventType "team-tourn"]
[EventRounds "11"]
[EventCountry "CZE"]
[SourceTitle "EXT 2013"]
[Source "ChessBase"]
[SourceDate "2012.11.22"]
[SourceVersion "1"]
[SourceVersionDate "2012.11.22"]
[SourceQuality "1"]
[WhiteTeam "Kladno"]
[BlackTeam "Karlovy Vary"]
[WhiteTeamCountry "CZE"]
[BlackTeamCountry "CZE"]

1. c4 e5 2. g3 Nf6 3. Bg2 Be7 4. Nc3 d6 5. d3 c6 6. e4 Na6 7. Nge2 Bd7 8. 0-0 Qc8 9. Rb1 Bh3 10. b4 Nc7 11. f3 Bxg2 12. Kxg2 Ne6 13. Be3 h6 14. d4 Ng5 15. Ng1 exd4 16. Bxd4 0-0 17. Rf2 Qe6 18. h4 Ngh7 19. Qd3 Nh5 20. Nge2 Bf6 21. Bxf6 N5xf6 22. Nd4 Qe5 23. Nf5 Rfd8 24. Rd1 Ne8 25. Rfd2 Nhf6 26. Qd4 Qe6 27. Ne2 Kh7 28. Nf4 Qc8 29. c5 d5 30. Nd6 Nxd6 31. cxd6 dxe4 32. fxe4 Qg4 33. e5 Nh5 34. Nxh5 Qxh5 35. Qe4+ Qg6 36. Re1 Rd7 37. Kf3 Re8 38. h5 Qxe4+ 39. Rxe4 Re6 40. g4 f6 41. Kf4 fxe5+ 42. Kf5 Rdxd6 43. Rxd6 Rxd6 44. Rxe5 Rf6+ 45. Ke4 Rf2 46. a4 Rb2 47. b5 Rb4+ 48. Kf5 Rxa4 49. bxc6 bxc6 50. Rc5 Ra6 51. Ke6 Rb6 52. Kf7 Rb7+ 53. Kf8 Rb4 54. g5 hxg5 55. Rxg5 Rf4+ 56. Ke7 Rb4 57. Kf7 Rb7+ 58. Ke6 Rb5 59. Rg4 Rxh5 60. Ra4 a5 61. Kd7 Rf5 62. Kxc6 g5 63. Kd6 Kg6 64. Ke6 Rb5 65. Rc4 Rb4 66. Rc6 Re4+ 67. Kd5+ Kf5 68. Rc8 Re5+ 69. Kd4 Kf4 70. Rf8+ Rf5 71. Ra8 g4 72. Kd3 Kf3 73. Re8 g3 74. Re3+ Kg2 75. Re2+ Kf1 76. Ra2 g2 77. Ra1+ Kf2 78. Ra2+ Kg3 0-1

[Event "CZE-chT2B 0910"]
[Site "Czech Republic"]
[Date "2009.12.06"]
[Round "4.7"]
[White "Novotny, Roman2222"]
[Black "Bicek, Richard"]
[Result "1-0"]
[WhiteElo "2017"]
[BlackElo "2028"]
[PlyCount "31"]
[EventDate "2009.10.18"]
[EventType "team-tourn"]
[EventRounds "11"]
[EventCountry "CZE"]
[SourceTitle "EXT 2012"]
[Source "ChessBase"]
[SourceDate "2011.11.24"]
[SourceVersion "1"]
[SourceVersionDate "2011.11.24"]
[SourceQuality "1"]
[WhiteTeam "Neratovice"]
[BlackTeam "Karlovy Vary"]
[WhiteTeamCountry "CZE"]
[BlackTeamCountry "CZE"]

1. e4 d5 2. exd5 Qxd5 3. Nc3 Qa5 4. d4 Nf6 5. Nf3 Bf5 6. Bc4 e6 7. 0-0 c6 8. Re1 Be7 9. Ne5 h6 10. Qe2 0-0 11. g4 b5 12. Bb3 b4 13. gxf5 bxc3 14. fxe6 Bd6 15. exf7+ Kh8 16. Ng6+ 1-0

[Event "CZE-chT2B 0910"]
[Site "Czech Republic"]
[Date "2009.11.08"]
[Round "2.8"]
[White "Bicek, Richard"]
[Black "Pribyl, Jakub"]
[Result "1/2-1/2"]
[WhiteElo "2028"]
[BlackElo "2134"]
[PlyCount "97"]
[EventDate "2009.10.18"]
[EventType "team-tourn"]
[EventRounds "11"]
[EventCountry "CZE"]
[SourceTitle "EXT 2012"]
[Source "ChessBase"]
[SourceDate "2011.11.24"]
[SourceVersion "1"]
[SourceVersionDate "2011.11.24"]
[SourceQuality "1"]
[WhiteTeam "Karlovy Vary"]
[BlackTeam "Usti nad Labem"]
[WhiteTeamCountry "CZE"]
[BlackTeamCountry "CZE"]

1. e4 d6 2. d4 g6 3. Nf3 Bg7 4. c3 Nf6 5. Bd3 0-0 6. h3 Nbd7 7. 0-0 e5 8. Be3 c6 9. Nbd2 a6 10. a4 b6 11. Qb3 Qc7 12. Rfd1 h6 13. dxe5 dxe5 14. Nh4 Kh7 15. Bc4 Nc5 16. Bxc5 bxc5 17. Qc2 Nh5 18. Ndf3 Qe7 19. Qd2 Bf6 20. Qd6 Bxh4 21. Nxh4 Ra7 22. Qxe7 Rxe7 23. Rd6 Nf4 24. Rad1 Rc7 25. a5 Kg7 26. Nf3 Re8 27. Nd2 Rb7 28. Bxa6 Rxb2 29. Bxc8 Rxc8 30. Nc4 Ra2 31. Nxe5 Ne2+ 32. Kh2 Nxc3 33. Re1 Rxa5 34. Rd7 Rf8 35. Re3 Nb5 36. Rf3 Ra7 37. Rxa7 Nxa7 38. Nd7 Re8 39. Nxc5 Re5 40. Rc3 Nb5 41. Rc1 g5 42. f3 Re8 43. Nd3 Rc8 44. Rc5 Nd4 45. Kg3 Ne6 46. Rc4 Kf6 47. Nb4 c5 48. Nd5+ Ke5 49. Ne7 1/2-1/2